| 000 | 01010cam a2200337 a 4500 | ||
|---|---|---|---|
| 001 | 4327434 | ||
| 003 | OSt | ||
| 005 | 20140310184410.0 | ||
| 008 | 880126s1988 nyua j b 001 0beng | ||
| 010 | _a 88003043 | ||
| 020 | _a9780590411592 | ||
| 040 |
_aDLC _cDLC _dDLC |
||
| 042 | _alcac | ||
| 043 | _an-us--- | ||
| 050 | 0 | 0 |
_aTL 540.E3 _b.L38 1988 |
| 100 | 1 |
_aLauber, Patricia. _912661 |
|
| 245 | 1 | 0 |
_aLost star : _bthe story of Amelia Earhart / _cPatricia Lauber. |
| 260 |
_aNew York : _bScholastic, _c1988. |
||
| 300 |
_a106 p. : _bill. ; _c22 cm. |
||
| 521 | _aG6 | ||
| 526 | _c870 | ||
| 600 | 1 | 0 |
_aEarhart, Amelia, _d1897-1937 _vJuvenile literature. _920195 |
| 600 | 1 | 1 |
_aEarhart, Amelia, _d1897-1937. _920196 |
| 650 | 0 |
_aAir pilots _zUnited States _vBiography _vJuvenile literature. _920197 |
|
| 650 | 1 |
_aAir pilots. _920198 |
|
| 650 | 1 |
_aWomen _vBiography. _920199 |
|
| 906 |
_a7 _bcbc _corignew _d1 _eocip _f19 _gy-gencatlg |
||
| 942 |
_2lcc _cBK-SCHOLAS |
||
| 999 |
_c34093 _d34093 |
||